02349cam a22003498i 450000100090000000300040000900500170001300800410003001000170007102000300008802000310011802000270014903500130017604000230018904200080021205000140022008200180023424501140025225000170036626300090038326400560039230000130044833600260046133700280048733800270051550400510054252012010059365000120179465000160180670000400182277601370186222254899OSt20260402092207.0210927s2022 enk b 001 0 eng  a 2021046383 a9780367724252q(hardback) a9780367724245q(paperback) z9781003154730q(ebook) a22254899 aDLCbengerdacDLC apcc00a158.1 POH00a158.1 POH22300aCognitive illusions :bintriguing phenomena in judgement, thinking and memory /cedited by Rüdiger F. Pohl. a3rd edition. a2203 1aAbingdon, Oxon ;aNew York, NY :bRoutledge,c2022. apages cm atextbtxt2rdacontent aunmediatedbn2rdamedia avolumebnc2rdacarrier aIncludes bibliographical references and index. a"Cognitive Illusions explores a wide range of fascinating psychological effects in the way we think, judge and remember in our everyday lives. In this volume, Rüdiger F. Pohl brings together leading international researchers to define what cognitive illusions are and discuss their theoretical status: are such illusions proof of a faulty human information-processing system, or do they only represent by-products of otherwise adaptive cognitive mechanisms? The book describes and discusses 26 different cognitive illusions, with each chapter giving a profound overview of the respective empirical research including potential explanations, individual differences, and relevant applied perspectives. This edition has been thoroughly updated throughout, featuring new chapters on negativity bias, metacognition, and how we respond to fake news, along with detailed descriptions of experiments that can be used as classroom demonstration in every chapter. Demonstrating just how diverse cognitive illusions can be, it is a must read for all students and researchers of cognitive illusions, specifically, those focusing on thinking, reasoning, decision-making and memory"--cProvided by publisher. 0aErrors. 0aPrejudices.1 aPohl, Rüdiger F.,d1954-eeditor.08iOnline version:tCognitive illusionsb3rd edition.dAbingdon, Oxon ; New York, NY : Routledge, 2022z9781003154730w(DLC) 2021046384